000 00583nam a2200241 a 4500
003 AR-BaBNM
005 20251128205903.0
008 082120s2002 ||||||||||||||000 | spa||
020 _a0-435-29170-X
040 _cAR-BaBNM
100 1 _aWest, Judy
245 0 0 _aHello bravo!
250 _a1ª ed.
260 _aOxford
_bHeinemann
_c1996
300 _a47 p.
_bil.
650 4 _aENSEÑANZA DE IDIOMAS
650 4 _aINGLES
650 4 _aACTIVIDADES DE APRENDIZAJE
650 4 _aENSEÑANZA DE SEGUNDA LENGUA
650 4 _aLIBROS DE TEXTO
942 _cBK
998 _cCarmen
999 _c13162
_d13162